000
00258 a2200109 4500
001
61560
082
_a
327.94067 PAF
090
_c
37093
_d
37093
100
_a
Bruce W.Watson
245
_a
Military Lessons of the Gulf War
_h
English
260
_b
Izharsons
942
_a
CAE NUST
_k
327.94067 PAF
999
_c
296633
_d
296633